LEADER 02878nam2 2200577 i 450 001 TO01811929 005 20231121125846.0 010 $a9788804604242 020 $aIT$b2011-5131 100 $a20111203d2011 ||||0itac50 ba 101 | $aita$alat 102 $ait 181 1$6z01$ai $bxxxe 182 1$6z01$an 200 1 $a˜Vol. 4: œLibri 7.-9.$fOvidio$ga cura di Edward J. Kenney$gtesto critico basato sull'edizione oxoniense di Richard Tarrant$gtraduzione di Gioachino Chiarini 210 $a[Milano]$cFondazione Lorenzo Valla$cArnoldo Mondadori$d2011 215 $aLXXII, 484 p.$d21 cm 300 $aTesto originale a fronte. 461 1$1001PUV1050784$12001 $aMetamorfosi$fOvidio$ga cura di Alessandro Barchiesi$gtesto critico basato sull'edizione oxoniense di Richard Tarrant$v4 700 1$aOvidius Naso$b, Publius$3CFIV002690$4070$0154954 702 1$aChiarini$b, Gioachino$3CFIV000479 702 1$aKenney$b, Edward John$3FERV042310 702 1$aTarrant$b, R. J.$3SBLV197548 790 1$aChiarini$b, Gioacchino$3BVEV015171$zChiarini, Gioachino 790 0$aOvid$3AQ1V000257$zOvidius Naso, Publius 790 1$aOvidio Nasone$b, Publio$3CFIV002693$zOvidius Naso, Publius 790 0$aOvidiu$3CFIV078917$zOvidius Naso, Publius 790 0$aOvidio$3CFIV156621$zOvidius Naso, Publius 790 1$aOvidio Nasone$b, P.$3CFIV160367$zOvidius Naso, Publius 790 1$aOvidius$b, Publius Naso$3CFIV228966$zOvidius Naso, Publius 790 0$aObidios$3CFIV230653$zOvidius Naso, Publius 790 1$aOvidio Naso$b, Publius$3SBNV006544$zOvidius Naso, Publius 790 1$aNasone$b, Publio Ovidio$3SBNV047182$zOvidius Naso, Publius 790 0$aOvide$3UFIV122075$zOvidius Naso, Publius 790 1$aKenney$b, Edward J.$3CFIV268555$zKenney, Edward John 790 1$aTarrant$b, Richard$3CFIV290248$zTarrant, R. J. 790 1$aTarrant$b, Richard John$3CFIV290249$zTarrant, R. J. 801 3$aIT$bIT-01$c20111203 850 $aIT-RM028 $aIT-RM0289 $aIT-RM0290 $aIT-RM0313 $aIT-RM0281 $aIT-RM0418 $aIT-FR0017 899 $aBiblioteca Universitaria Alessandrina$bRM028 899 $aBiblioteca Statale A. Baldini$bRM0289 899 $aBIBLIOTECA ANGELICA$bRM0290 899 $aBIBLIOTECA CASANATENSE$bRM0313 899 $aBIBLIOTECA VALLICELLIANA$bRM0281 899 $aBIBLIOTECA ACCADEMIA NAZ. DEI LINCEI E CORSINIANA$bRM0418 899 $aBiblioteca umanistica Giorgio Aprea$bFR0017 912 $aTO01811929 950 2$aBiblioteca umanistica Giorgio Aprea$d 52MAG 2 COLL T 80.4$e 52SBA0000153085 VMN RS $fA $h20130524$i20130524 977 $a 01$a 04$a 06$a 07$a 08$a 10$a 52 996 $aLibri 7.-9$91725661 997 $aUNICAS